000 00561nam a2200193Ia 4500
008 220204s9999 xx 000 0 und d
082 _aNR:33(540)
_bUNN;2
245 0 _aIndian rubber economy : History,analysis and policy perspectives
260 _aNew Delhi
_bManohar publishers and distributors
_c1995
650 _aReclaimed rubber
650 _aRubber demand
650 _aRubber industry
650 _aRubber modelling
650 _aRubber planting
650 _aRubber supply
650 _aSynthetic rubber
700 _aUnny, R G
942 _cREF
999 _c44183
_d44183